000 01243cam a2200349 a 4500
001 2994
003 FISKH
005 20240130101517.0
008 080206s2008 nyua c 000 1 eng
010 _a 2007052139
020 _a9781416905851 (hardcover)
020 _a9780545208239
020 _a1416905855 (hardcover)
040 _aDLC
_cDLC
_dDLC
_beng
050 0 0 _aPZ7.A54385
_bCh 2008
082 0 0 _a[Fic]
_222
100 1 _aAnderson, Laurie Halse.
245 1 0 _aChains /
_cLaurie Halse Anderson.
250 _aFirst Scholastic paperback printing, January 2010
260 _aNew York :
_bScholastic,
_c2008
300 _a316 pages :
_c20 cm
520 _aAfter being sold to a cruel couple in New York City, a slave named Isabel spies for the rebels during the Revolutionary War.s.
521 1 _aAges 10 up.
650 1 _aSlavery
_vFiction.
650 1 _aAfrican Americans
_vFiction.
650 1 _aSpies
_vFiction.
651 0 _aNew York (N.Y.)
_xHistory
_yRevolution, 1775-1783
_vJuvenile fiction.
651 1 _aNew York (N.Y.)
_xHistory
_yRevolution, 1775-1783
_vFiction.
651 1 _aUnited States
_xHistory
_yRevolution, 1775-1783
_vFiction.
906 _a7
_bcbc
_corignew
_d1
_eecip
_f20
_gy-gencatlg
942 _2ddc
_cBK
_n0
999 _c2994
_d2994